[Event "AUTO-MASTER-3259"]
[Site "http://www.queenalice.com/game.php?id=1854954"]
[Date "2025.4.3"]
[Round "1"]
[White "scarabeli"]
[Black "LAIRE"]
[Result "1-0"]
[WhiteElo "1974"]
[BlackElo "2186"]

1. e4 e6 2. d4 d5 3. Nc3 Nf6 4. e5 Nfd7 5. f4 c5 6. Be3 Nc6 7. Nf3 f6 8. exf6
Qxf6 9. Nb5 Kd8 10. Qd2 a6 11. Nc3 b5 12. dxc5 Bxc5 13. O-O-O Kc7 14. Bxc5 Nxc5
15. Qe3 Nd7 16. Rxd5 b4 17. Ne4 Qe7 18. Rd6 Bb7 19. Bc4 Rhe8 20. Rxe6 1-0

[Event "AUTO-MASTER-3259"]
[Site "http://www.queenalice.com/game.php?id=1854955"]
[Date "2025.4.3"]
[Round "1"]
[White "LAIRE"]
[Black "scarabeli"]
[Result "0-1"]
[WhiteElo "2206"]
[BlackElo "1948"]

1. d4 d5 2. c4 e6 3. Nc3 Bb4 4. e3 c5 5. Bd2 cxd4 6. exd4 Nf6 7. Nf3 O-O 8. Bd3
dxc4 9. Bxc4 b6 10. a3 Bxc3 11. Bxc3 Ba6 12. Qe2 Bxc4 13. Qxc4 Qd5 14. Qe2 Nc6
15. O-O Rac8 16. Rfe1 Rc7 17. Rad1 Rfc8 18. Ne5 Qa2 19. Nf3 Nd5 20. Rc1 Nce7 0-1

[Event "AUTO-MASTER-3259"]
[Site "http://www.queenalice.com/game.php?id=1854966"]
[Date "2025.4.3"]
[Round "1"]
[White "Pin"]
[Black "LAIRE"]
[Result "0-1"]
[WhiteElo "2113"]
[BlackElo "2221"]

1. d4 e6 2. c4 d5 3. Nc3 Nf6 4. Nf3 c6 5. e3 Nbd7 6. Bd3 dxc4 7. Bxc4 b5 8. Bd3
a6 9. O-O c5 10. Ne4 Bb7 11. Neg5 h6 12. Nh3 Qc7 13. b3 g5 14. Nd2 cxd4 15. exd4
Bd6 16. g3 g4 17. Nf4 Bxf4 18. gxf4 Qc6 19. f3 Rg8 20. Kf2 gxf3 21. Rg1 Rxg1 22.
Qxg1 Ke7 23. Ba3+ Kd8 24. Rc1 Qd5 25. Kf1 f2 26. Qg7 Qh5 27. Qg3 Rc8 28. Rxc8+
Kxc8 29. Be2 Qd5 30. Qxf2 Ne4 31. Nf3 Nxf2 0-1

[Event "AUTO-MASTER-3259"]
[Site "http://www.queenalice.com/game.php?id=1854967"]
[Date "2025.4.3"]
[Round "1"]
[White "LAIRE"]
[Black "Pin"]
[Result "1-0"]
[WhiteElo "2230"]
[BlackElo "2104"]

1. d4 Nf6 2. c4 g6 3. Nc3 d5 4. Qb3 dxc4 5. Qxc4 Bg7 6. e4 O-O 7. Nf3 a6 8. Bf4
c6 9. Qb3 b5 10. Be2 Bb7 11. Qc2 Nbd7 12. Rd1 Nh5 13. Be3 Qc7 14. O-O Rac8 15.
b4 Nf4 16. Bxf4 Qd8 17. Rfe1 Nb6 18. Qb3 h6 19. Be3 e6 20. Qc2 Kh7 21. h4 Kh8
22. Qd2 Kh7 23. Bd3 Nc4 24. Bxc4 bxc4 25. Qe2 Qe7 26. Qxc4 Ra8 27. Rb1 Rfd8 28.
Red1 a5 29. b5 cxb5 30. Qxb5 Ba6 31. Qa4 1-0

[Event "AUTO-MASTER-3259"]
[Site "http://www.queenalice.com/game.php?id=1854972"]
[Date "2025.4.3"]
[Round "1"]
[White "hjs50667"]
[Black "LAIRE"]
[Result "1-0"]
[WhiteElo "2265"]
[BlackElo "2232"]

1. e4 e6 2. d4 d5 3. Nc3 Nf6 4. Bg5 Bb4 5. e5 h6 6. Bd2 Bxc3 7. bxc3 Ne4 8. Qg4
g6 9. Bd3 Nxd2 10. Kxd2 c5 11. h4 c4 12. Be2 b5 13. h5 Rg8 14. hxg6 Rxg6 15. Qf4
Qg5 16. Qxg5 hxg5 17. Rh8+ Kd7 18. Rh7 Kc6 19. Bh5 1-0

[Event "AUTO-MASTER-3259"]
[Site "http://www.queenalice.com/game.php?id=1854973"]
[Date "2025.4.3"]
[Round "1"]
[White "LAIRE"]
[Black "hjs50667"]
[Result "0-1"]
[WhiteElo "2238"]
[BlackElo "2290"]

1. d4 Nf6 2. c4 g6 3. Nc3 d5 4. Nf3 Bg7 5. Qb3 dxc4 6. Qxc4 O-O 7. Bf4 c6 8. e4
b5 9. Qb3 Qa5 10. Bd3 Be6 11. Qd1 Rd8 12. O-O Bg4 13. Be3 e5 14. dxe5 Nfd7 15.
Qc2 Na6 16. Be2 Bxf3 17. Bxf3 Nxe5 18. Be2 Nb4 19. Qb3 Nbd3 20. Rfd1 Nxb2 21.
Rxd8+ Rxd8 22. Rb1 Nbc4 23. Nd1 Qe1+ 24. Bf1 Ng4 0-1

[Event "AUTO-MASTER-2744"]
[Site "http://www.queenalice.com/game.php?id=1859723"]
[Date "2025.7.10"]
[Round "2"]
[White "Anusha"]
[Black "LAIRE"]
[Result "0-1"]
[WhiteElo "1667"]
[BlackElo "2227"]

1. d4 d5 2. Bf4 e6 3. e3 c5 4. c3 Qb6 5. Qc2 Bd6 6. Bxd6 Qxd6 7. Nf3 Nc6 8. Nbd2
Nf6 9. Bb5 O-O 10. O-O Bd7 11. Qd1 cxd4 12. exd4 Ne7 13. Bd3 Ng6 14. Re1 Bc6 15.
h3 Nf4 16. Bf1 b5 17. Ne5 Rab8 18. a3 a5 19. Nxc6 Qxc6 20. Nf3 Ne4 21. Ne5 Qb7
22. Qf3 Ng6 23. Ng4 Nd2 24. Qd1 Nxf1 25. Kxf1 b4 26. Qa4 bxc3 27. bxc3 Qb5+ 28.
Qxb5 Rxb5 29. a4 Rb3 30. Rec1 Rc8 0-1

[Event "AUTO-MASTER-2744"]
[Site "http://www.queenalice.com/game.php?id=1859724"]
[Date "2025.7.10"]
[Round "2"]
[White "LAIRE"]
[Black "Anusha"]
[Result "1-0"]
[WhiteElo "2226"]
[BlackElo "1614"]

1. d4 Nf6 2. c4 d5 3. cxd5 Qxd5 4. Nc3 Qd8 5. Nf3 c6 6. Bf4 Bf5 7. Nh4 Bc8 8. e4
g6 9. Be2 Bg7 10. Qd2 O-O 11. Rd1 e6 12. Nf3 Nbd7 13. O-O Qe7 14. Rfe1 Nb6 15.
a3 Rd8 16. Bg5 e5 17. Nxe5 c5 18. Nf3 cxd4 19. e5 dxc3 20. Qxd8+ 1-0

[Event "AUTO-MASTER-3271"]
[Site "http://www.queenalice.com/game.php?id=1859753"]
[Date "2025.7.10"]
[Round "1"]
[White "IranSilva"]
[Black "LAIRE"]
[Result "1/2-1/2"]
[WhiteElo "2212"]
[BlackElo "2169"]

1. Nf3 d5 2. d4 Nf6 3. c4 e6 4. Nc3 c6 5. Bf4 Nh5 6. Bg5 Qb6 7. Qc2 dxc4 8. e4
Qc7 9. Bxc4 h6 10. Bh4 Nd7 11. O-O b5 12. Bb3 a6 13. d5 cxd5 14. exd5 Nc5 15.
dxe6 Bxe6 16. Bxe6 Nxe6 17. Rfe1 g5 18. Qe4 Rd8 19. Bg3 Nxg3 20. hxg3 Bg7 21.
Nd5 Qa7 22. Re2 O-O 23. Rae1 Rd6 24. Qf5 Qd7 25. Nf6+ Bxf6 26. Qxf6 Nd4 27. Re7
Rxf6 28. Rxd7 Nxf3+ 29. gxf3 Kg7 30. Kg2 Rc8 31. Red1 Rc2 32. R1d2 Rxd2 33. Rxd2
h5 34. Rd4 1/2-1/2

[Event "AUTO-MASTER-3271"]
[Site "http://www.queenalice.com/game.php?id=1859754"]
[Date "2025.7.10"]
[Round "1"]
[White "LAIRE"]
[Black "IranSilva"]
[Result "1-0"]
[WhiteElo "2189"]
[BlackElo "2221"]

1. d4 d5 2. c4 c6 3. Nf3 Nf6 4. cxd5 cxd5 5. Nc3 Bg4 6. Ne5 Be6 7. e4 g6 8. Bb5+
Bd7 9. Bxd7+ Nbxd7 10. Qb3 Bg7 11. Qxb7 O-O 12. Nxd7 Qxd7 13. Qxd7 Nxd7 14. Nxd5
Bxd4 15. Nxe7+ Kg7 16. Nc6 Bf6 17. Rb1 Rfc8 18. Nb4 Nc5 19. Nd5 Nxe4 20. Nxf6
Kxf6 21. f3 Nc5 22. O-O Nd3 23. Be3 Rc2 24. Rfd1 Rd8 25. Bxa7 Rd7 26. Be3 Re2
27. Bd2 Kf5 28. Bc3 Kf4 29. a4 Ke3 30. Bg7 f5 31. Bh6+ f4 32. b4 Rd4 33. Bf8 Rc4
34. Rb3 Rd2 35. Re1+ Re2 36. Rxe2+ Kxe2 37. Rb1 Kd2 38. a5 Kc2 39. Ra1 Kb2 40.
Bg7+ Kb3 41. a6 Rc8 42. b5 Nb4 43. a7 Ra8 44. b6 1-0

[Event "AUTO-MASTER-3271"]
[Site "http://www.queenalice.com/game.php?id=1859767"]
[Date "2025.7.10"]
[Round "1"]
[White "cerenzo72"]
[Black "LAIRE"]
[Result "0-1"]
[WhiteElo "2112"]
[BlackElo "2170"]

1. b3 d5 2. Bb2 Nf6 3. e3 Bf5 4. d3 e6 5. Nf3 Nbd7 6. Nbd2 Bd6 7. Be2 h6 8. c4
O-O 9. O-O Re8 10. cxd5 exd5 11. Rc1 c6 12. e4 dxe4 13. dxe4 Bxe4 14. Nxe4 Nxe4
15. Qd4 Bf8 16. Rfe1 Ndf6 17. Bd3 Qxd4 18. Bxd4 Rad8 19. Bxe4 Rxe4 20. Rxe4 Nxe4
21. Bxa7 Ra8 22. Be3 Rxa2 23. h3 Rb2 24. Rc4 Nf6 25. Rc3 Nd5 26. Rd3 Nxe3 27.
Rxe3 Bc5 28. Re8+ Kh7 29. Ne5 Rb1+ 30. Kh2 Rxb3 31. Nxf7 Bxf2 32. Rh8+ Kg6 33.
Ne5+ Kg5 34. Rg8 Bg3+ 0-1

[Event "AUTO-MASTER-3271"]
[Site "http://www.queenalice.com/game.php?id=1859768"]
[Date "2025.7.10"]
[Round "1"]
[White "LAIRE"]
[Black "cerenzo72"]
[Result "1-0"]
[WhiteElo "2180"]
[BlackElo "2071"]

1. d4 Nf6 2. c4 e6 3. Nc3 c5 4. d5 exd5 5. cxd5 d6 6. e4 g6 7. Bd3 Bg7 8. Nge2
Nbd7 9. O-O O-O 10. Ng3 Ne5 11. Be2 a6 12. a4 Bd7 13. h3 Bc8 14. Bf4 Bd7 15. Qd2
Qe8 16. Bg5 Bc8 17. Rae1 b6 18. f4 Ned7 19. e5 dxe5 20. fxe5 Qxe5 21. Bf4 Qd4+
22. Be3 Qxd2 23. Bxd2 Bb7 24. Bc4 Rad8 25. Bf4 h6 26. Re2 Rfe8 27. Ref2 Ne5 28.
Bxe5 Rxe5 29. Rxf6 Bxf6 30. Rxf6 b5 31. Rb6 Ba8 32. axb5 axb5 33. Rxb5 Rc8 34.
Nge4 Kg7 35. Rxc5 Rxc5 36. Nxc5 f5 37. Kf2 g5 38. Ne6+ Kf6 39. b4 f4 40. Nc7 Bb7
41. d6 Bc6 42. b5 1-0

[Event "AUTO-OPEN-4629"]
[Site "http://www.queenalice.com/game.php?id=1866792"]
[Date "2025.12.9"]
[Round "1"]
[White "LAIRE"]
[Black "chessman"]
[Result "0-1"]
[WhiteElo "2252"]
[BlackElo "2118"]

1. d4 e6 2. c4 d5 3. Nc3 c6 4. cxd5 exd5 5. Qc2 Nf6 6. Bg5 Be7 7. Nf3 O-O 8. e3
Re8 9. Bd3 h6 10. Bh4 Nbd7 11. O-O Nf8 12. a3 a6 13. b4 Be6 14. Ne5 a5 15. b5
Rc8 16. bxc6 bxc6 17. Na4 N6d7 18. Bxe7 Qxe7 19. Nxd7 Nxd7 20. Rfc1 Rc7 21. Rab1
Rec8 0-1

[Event "AUTO-OPEN-4629"]
[Site "http://www.queenalice.com/game.php?id=1866793"]
[Date "2025.12.9"]
[Round "1"]
[White "chessman"]
[Black "LAIRE"]
[Result "1-0"]
[WhiteElo "2101"]
[BlackElo "2269"]

1. e4 e6 2. d4 d5 3. e5 c5 4. c3 Nc6 5. f4 Nh6 6. Bd3 cxd4 7. cxd4 Nxd4 8. Qa4+
Nc6 9. Nf3 Bd7 10. Qd1 Bc5 11. Nc3 Ng4 12. Rf1 Ne3 13. Bxe3 Bxe3 14. g3 Bb6 15.
Nb5 Ba5+ 16. Kf2 Bb4 17. a3 Be7 18. Kg2 Qb6 19. Rb1 Rc8 20. Nc3 a6 21. b4 1-0